St. Louis High School Mascots - Statistics

General Stats
  • This quiz has been taken 375 times
  • The average score is 8 of 15
Answer Stats
Hint Answer % Correct
SLUH Jr. Billikens
77%
CBC Cadets
70%
Oakville Tigers
64%
De Smet Spartans
62%
Eureka Wildcats
60%
Vianney Golden Griffins
58%
Lafeyette Lancers
54%
Chaminade Red Devils
54%
Marquette Mustangs
53%
Parkway South Patriots
50%
Parkway West Longhorns
45%
Parkway Central Colts
35%
Hazelwood Central Hawks
34%
Priory Rebels
30%
Beaumont Blue Jackets
8%
No matching quizzes found
Score Distribution
Percent of People with Each Score
Percentile by Number Answered
Your Score History
You have not taken this quiz